000 00667 a2200193 4500
001 35894
005 20260407155637.0
008 260407a1968 arg spa d
003 AR-UNSa-BCEJYS
040 _aAR-UNSa-BCEJYS
_bspa
_cAR-UNSa-BCEJYS
080 _a658.012.32
_xFormas de organización, de gestión
245 1 0 _aOrganización
264 1 _aMéxico :
_bEditora Técnica
_c1968
300 _a368 p.
_c23 cm.
505 _a1. Bases de la organización - 2. División del trabajo - 3. Coordinación - 4. Reorganización - 5. Factores de importancia creciente - Apéndice
942 _cBK
590 _aniveau_biblio:m niveau_hierar:0
100 1 _aDale, Ernest
999 _c2589
_d2589